000
00235nam a2200097Ia 4500
008
230915s9999 xx 000 0 und d
050
_a
HM585.I58.C.1
100
_a
KATHLEEN A.TIEMANN
245
0
_a
INTRODUCTION TO SOCIOLOGY
942
_c
BK
999
_c
89041
_d
89041